000 00886cam a22002891 4500
001 sa 66004539
003 DLC
005 20260227112243.0
008 780114s1965 ii c 001 0 eng
010 _asa 66004539
035 _a(OCoLC)3558321
040 _aDLC
_cMNS
_dDLC
041 0 _aengsan
042 _apremarc
050 0 0 _aBL1175.D375
_bJ6
082 _a294.55
100 1 _aJoshi, Hariprasad Shivprasad.
245 1 0 _aOrigin and development of Dattātreya worship in India.
260 _aBaroda,
_bMaharaja Sayajirao University of Baroda,
_c1965.
300 _axxiii, 225 p.
_bports.
_c25 cm.
490 1 _aM. S. University of Baroda research series,
_v9
502 _aThesis - M. S. University of Baroda.
504 _aBibliography; p. [vii]-xx.
600 0 0 _aDattātreya.
650 0 _aTrimūrti.
830 0 _aM.S. University of Baroda research series ;
_v9.
999 _c69477
_d69477